2,000 takes of Jetpunker180 - Statistics

General Stats
  • This quiz has been taken 141 times
  • The average score is 11 of 12
Answer Stats
type a % Correct
I am very happy
100%
3,000
89%
And
89%
Get
89%
I
89%
in the
89%
months
89%
next
89%
Takes
89%
two
89%
Wish
89%
To
84%
No matching quizzes found
Score Distribution
Percent of People with Each Score
Percentile by Number Answered
Your Score History
You have not taken this quiz